[Event "9th A. Margaryan Memorial 2019"]
[Site "Yerevan"]
[Date "2019.01.12"]
[Round "5"]
[White "Petriashvili, Nikoloz"]
[Black "Mikaelyan, Arman"]
[Result "1-0"]
[WhiteElo "2479"]
[BlackElo "2474"]
[Annotator "ChessBase"]
[PlyCount "145"]
[EventDate "2019.01.08"]
[EventType "tourn"]
[EventCountry "ARM"]
[SourceTitle "playchess.com"]
[Source "ChessBase"]
[SourceQuality "1"]
[TimeControl "40/5400+30:1800+30"]

1. d4 {[%emt 0:00:00]} Nf6 {[%emt 0:00:00]} 2. Nf3 {[%emt 0:00:00]} g6 {[%emt 0:00:00]} 3. g3 {[%emt 0:00:00]} Bg7 {[%emt 0:00:33]} 4. Bg2 {[%emt 0:00:00]} O-O {[%emt 0:00:27]} 5. O-O {[%emt 0:00:09]} d5 {[%emt 0:00:26]} 6. Bf4 {[%emt 0:00:05]} a5 {[%emt 0:05:10]} 7. Nc3 {[%emt 0:08:41]} a4 {[%emt 0:00:46]} 8. a3 {[%emt 0:00:35]} Bf5 {[%emt 0:02:33]} 9. Ne5 {[%emt 0:04:28]} c6 {[%emt 0:00:20]} 10. Re1 {[%emt 0:04:28]} Qb6 {[%emt 0:01:50]} 11. Rb1 {[%emt 0:03:20]} Rd8 {[%emt 0:00:37]} 12. Qd2 {[%emt 0:02:26]} Nbd7 {[%emt 0:08:23]} 13. h3 {[%emt 0:18:00]} Nh5 {[%emt 0:02:56]} 14. Nxd7 {[%emt 0:12:17]} Rxd7 {[%emt 0:00:25]} 15. e3 {[%emt 0:00:55]} Nxf4 {[%emt 0:10:37]} 16. gxf4 {[%emt 0:00:01]} h5 {[%emt 0:00:17]} 17. Na2 {[%emt 0:04:35]} c5 {[%emt 0:01:14]} 18. dxc5 {[%emt 0:00:06]} Qxc5 {[%emt 0:00:56]} 19. Nb4 {[%emt 0:00:05]} Rad8 {[%emt 0:01:14]} 20. Nd3 {[%emt 0:04:20]} Qc8 {[%emt 0:01:06]} 21. Rbc1 {[%emt 0:02:19]} Rc7 {[%emt 0:02:01]} 22. Kh2 {[%emt 0:00:06]} Be4 {[%emt 0:00:31]} 23. c3 {[%emt 0:02:49]} Qf5 {[%emt 0:04:24]} 24. Rcd1 {[%emt 0:00:04]} Bxg2 {[%emt 0:00:32]} 25. Kxg2 {[%emt 0:00:01]} Qe4+ {[%emt 0:05:16]} 26. f3 {[%emt 0:00:58]} Qc4 {[%emt 0:00:31]} 27. Nb4 {[%emt 0:01:11]} e6 {[%emt 0:00:19]} 28. Qe2 {[%emt 0:00:57]} Qc5 {[%emt 0:00:21]} 29. Nc2 {[%emt 0:02:39]} Qe7 {[%emt 0:03:48]} 30. Rd2 {[%emt 0:01:18]} Kh8 {[%emt 0:03:23]} 31. Kh2 {[%emt 0:00:37]} Rc4 {[%emt 0:01:10]} 32. Rg1 {[%emt 0:01:12]} Qc7 {[%emt 0:04:03]} 33. Kh1 {[%emt 0:00:58]} Re8 {[%emt 0:00:51]} 34. Nb4 {[%emt 0:01:43]} Bf6 {[%emt 0:01:02]} 35. Nd3 {[%emt 0:03:44]} Rg8 {[%emt 0:00:57]} 36. Qh2 {[%emt 0:00:40]} Qb6 {[%emt 0:01:27]} 37. Qf2 {[%emt 0:00:32]} Kh7 {[%emt 0:02:44]} 38. Ne5 {[%emt 0:02:10]} Rc7 {[%emt 0:01:58]} 39. Rd4 {[%emt 0:00:40]} Qa6 {[%emt 0:03:57]} 40. Rd2 {[%emt 0:00:00]} Qd6 {[%emt 0:00:00]} 41. Nd3 {[%emt 0:02:27]} Rcc8 {[%emt 0:01:27]} 42. Rdd1 {[%emt 0:01:18]} Rg7 {[%emt 0:00:55]} 43. Qe2 {[%emt 0:02:51]} Rcg8 {[%emt 0:00:36]} 44. Rg2 {[%emt 0:00:41]} Bd8 {[%emt 0:00:24]} 45. c4 {[%emt 0:04:55]} Bf6 {[%emt 0:07:34]} 46. cxd5 {[%emt 0:01:16]} Qxd5 {[%emt 0:02:33]} 47. Ne5 {[%emt 0:01:33]} Qa5 {[%emt 0:01:23]} 48. Qd2 {[%emt 0:03:16]} Ra8 {[%emt 0:03:42]} 49. Qxa5 {[%emt 0:02:37]} Rxa5 {[%emt 0:00:08]} 50. Nc4 {[%emt 0:00:05]} Rc5 {[%emt 0:03:58]} 51. Nd6 {[%emt 0:00:30]} Be7 {[%emt 0:02:14]} 52. Nxb7 {[%emt 0:01:02]} Rb5 {[%emt 0:03:21]} 53. Nd6 {[%emt 0:03:30]} Rb3 {[%emt 0:00:22]} 54. Re2 {[%emt 0:07:42]} f5 {[%emt 0:06:25]} 55. Ne8 {[%emt 0:02:59]} Rg8 {[%emt 0:01:24]} 56. Nc7 {[%emt 0:00:16]} Rb6 {[%emt 0:06:06]} 57. Rd7 {[%emt 0:00:37]} Rg7 {[%emt 0:00:15]} 58. Ne8 {[%emt 0:01:21]} Rf7 {[%emt 0:00:07]} 59. Rc2 {[%emt 0:00:24]} Rb8 {[%emt 0:01:38]} 60. Nd6 {[%emt 0:02:41]} Rg7 {[%emt 0:00:00]} 61. Rcc7 {[%emt 0:02:24]} Bf6 {[%emt 0:00:50]} 62. Rxg7+ {[%emt 0:05:36]} Bxg7 {[%emt 0:00:05]} 63. Ra7 {[%emt 0:00:50]} g5 {[%emt 0:03:22]} 64. fxg5 {[%emt 0:02:36]} Kg6 {[%emt 0:00:07]} 65. f4 {[%emt 0:00:24]} Rxb2 {[%emt 0:00:38]} 66. Re7 {[%emt 0:00:14]} Rb1+ {[%emt 0:04:35]} 67. Kg2 {[%emt 0:00:09]} Rb2+ {[%emt 0:00:03]} 68. Kf3 {[%emt 0:00:27]} Rb6 {[%emt 0:01:50]} 69. Rxe6+ {[%emt 0:00:12]} Kh7 {[%emt 0:00:01]} 70. g6+ {[%emt 0:00:15]} Kg8 {[%emt 0:00:02]} 71. Re8+ {[%emt 0:00:07]} Bf8 {[%emt 0:00:03]} 72. Nxf5 {[%emt 0:00:12]} Rxg6 {[%emt 0:00:04]} 73. Ne7+ {[%emt 0:00:06]} 1-0

[Event "9th A. Margaryan Memorial 2019"]
[Site "Yerevan"]
[Date "2019.01.12"]
[Round "5"]
[White "Sargsyan, Tigran R."]
[Black "Barseghyan, Armen Ar."]
[Result "1-0"]
[WhiteElo "2332"]
[BlackElo "2380"]
[Annotator "NA"]
[PlyCount "81"]
[EventDate "2019.01.08"]
[EventType "tourn"]
[EventCountry "ARM"]
[SourceTitle "playchess.com"]
[Source "ChessBase"]
[SourceQuality "1"]
[TimeControl "40/5400+30:1800+30"]

1. c4 {[%emt 0:00:00]} Nf6 {[%emt 0:00:10]} 2. Nc3 {[%emt 0:00:16]} c5 {[%emt 0:00:15]} 3. Nf3 {[%emt 0:00:44]} g6 {[%emt 0:00:08]} 4. d4 {[%emt 0:00:12]} cxd4 {[%emt 0:00:17]} 5. Nxd4 {[%emt 0:00:06]} Nc6 {[%emt 0:00:09]} 6. g3 {[%emt 0:00:22]} Bg7 {[%emt 0:00:15]} 7. Bg2 {[%emt 0:00:05]} O-O {[%emt 0:00:05]} 8. O-O {[%emt 0:00:04]} Qa5 {[%emt 0:00:50]} 9. e3 {[%emt 0:00:30]} Ne5 {[%emt 0:01:08]} 10. Qe2 {[%emt 0:00:07]} d6 {[%emt 0:00:26]} 11. Bd2 {[%emt 0:00:05]} Bg4 {[%emt 0:00:41]} 12. f3 {[%emt 0:00:14]} Bd7 {[%emt 0:00:10]} 13. Nd5 {[%emt 0:00:33]} Qd8 {[%emt 0:00:41]} 14. Nxf6+ {[%emt 0:00:07]} exf6 {[%emt 0:11:22]} 15. b3 {[%emt 0:23:38]} Re8 {[%emt 0:16:54]} 16. f4 {[%emt 0:21:09]} Bg4 {[%emt 0:07:48]} 17. Qe1 {[%emt 0:01:51]} Nd3 {[%emt 0:17:00]} 18. Qb1 {[%emt 0:00:41]} Nc5 {[%emt 0:00:26]} 19. f5 {[%emt 0:02:42]} Qe7 {[%emt 0:03:44]} 20. h3 {[%emt 0:08:21]} Bxf5 {[%emt 0:03:35]} 21. Nxf5 {[%emt 0:01:29]} gxf5 {[%emt 0:00:06]} 22. Rxf5 Bh6 23. Kh2 {[%emt 0:16:53]} Ne4 {[%emt 0:12:50]} 24. Bb4 {[%emt 0:07:43]} Qe6 {[%emt 0:07:03]} 25. Qf1 {[%emt 0:02:15]} a5 {[%emt 0:01:02]} 26. Bxa5 {[%emt 0:03:12]} Kh8 {[%emt 0:08:39]} 27. Qf3 {[%emt 0:03:19]} Ng5 {[%emt 0:04:25]} 28. Qg4 {[%emt 0:01:33]} Qxe3 {[%emt 0:01:34]} 29. Re1 {[%emt 0:00:44]} Qd3 {[%emt 0:00:14]} 30. Rxe8+ {[%emt 0:00:59]} Rxe8 {[%emt 0:00:01]} 31. Rxf6 {[%emt 0:00:22]} Re2 {[%emt 0:01:01]} 32. Rf1 {[%emt 0:01:57]} Qc2 {[%emt 0:01:56]} 33. Qc8+ {[%emt 0:00:29]} Kg7 {[%emt 0:00:06]} 34. Qxb7 {[%emt 0:00:12]} Qg6 {[%emt 0:01:28]} 35. Bc3+ {[%emt 0:00:15]} Kg8 {[%emt 0:00:01]} 36. Qc8+ {[%emt 0:01:05]} Bf8 {[%emt 0:00:04]} 37. Qg4 {[%emt 0:00:49]} Rc2 {[%emt 0:01:15]} 38. Rf6 {[%emt 0:00:39]} Qe4 {[%emt 0:00:40]} 39. Qxg5+ {[%emt 0:00:28]} Bg7 {[%emt 0:00:03]} 40. Qxg7+ {[%emt 0:00:00]} Kxg7 {[%emt 0:00:00]} 41. Rf4+ {[%emt 0:00:47]} 1-0

[Event "9th A. Margaryan Memorial 2019"]
[Site "Yerevan"]
[Date "2019.01.13"]
[Round "6"]
[White "Sturua, Zurab"]
[Black "Sargsyan, Anna M."]
[Result "1-0"]
[WhiteElo "2533"]
[BlackElo "2339"]
[Annotator "TA"]
[PlyCount "141"]
[EventDate "2019.01.08"]
[EventType "tourn"]
[EventCountry "ARM"]
[SourceTitle "playchess.com"]
[Source "ChessBase"]
[SourceQuality "1"]

{[%evp 23,141,0,0,0,0,6,0,-5,9,20,14,14,14,14,13,12,31,10,8,0,0,0,0,0,0,-14,0,0,31,31,29,7,10,19,41,6,9,8,20,0,39,39,91,67,324,325,319,280,272,189,189,194,194,189,248,245,245,245,213,194,194,194,194,194,245,245,248,187,187,187,194,187,187,187,230,230,245,245,245,229,245,245,376,376,372,316,368,326,372,341,319,319,328,331,321,310,337,310,310,295,300,295,322,193,293,292,320,314,370,362,368,368,341,335,344,332,369,358,584,579]} 1. d4 d5 2. c4 c6 3. Nc3 Nf6 4. e3 e6 {[%cal Be7e6,Be6e5][%mdl 32]} 5. Nf3 Nbd7 6. Qc2 Bd6 7. Be2 dxc4 8. a4 O-O 9. O-O e5 10. Bxc4 Qe7 11. h3 {D45: Semi-Slav: 5 e3} e4 12. Ng5 Nb6 {[%cal Bd7b6,Bb6d5,Bd5b4][%mdl 32] LiveBook: 5 Games} 13. Bb3 {[%cal Rg5e4] The position is equal.} Nbd5 $146 ({Predecessor:} 13... Bf5 14. f3 Nbd5 15. Ngxe4 Nxe4 16. fxe4 Bg6 17. Nxd5 cxd5 18. Bxd5 Rac8 {½-½ (43) Sandipan,C (2583)-Krush,I (2458) Gibraltar 2016}) 14. Ngxe4 Nxe4 15. Nxe4 Nb4 16. Qb1 Bf5 17. f3 Rae8 18. Bd2 a5 19. Qc1 Bxe4 20. fxe4 Qxe4 21. Qc4 {[%cal Rf1f7]} Re7 22. Rf3 Kh8 23. Raf1 {[%cal Rf3f7]} f6 $1 24. R1f2 Rb8 25. Qf1 b5 26. axb5 $40 {[%mdl 128] White mounts an attack.} cxb5 27. Bxb4 Bxb4 28. Bc2 Qh4 29. Rf4 Qh6 30. e4 Ree8 31. Kh1 Qg5 32. Qd3 {Threatens to win with e5.} Rbc8 (32... Be7 $14) 33. e5 {[%csl Gc2][%cal Rd3h7] [#]} Rxc2 $4 {[%mdl 8192]} (33... Qh6 $14) 34. Qxc2 $18 fxe5 35. Rf5 Qe3 36. Re2 Qxd4 {[#]} 37. Rexe5 $1 {[%mdl 512]} Rd8 {White must now prevent ...g6.} (37... Qxe5 38. Rxe5) 38. Rxb5 Qd1+ (38... h6 $142 39. Rf2 Qd6) 39. Qxd1 Rxd1+ {[%mdl 4096] Endgame KRR-KRB} 40. Kh2 {Intending Rb8+ and mate.} h6 41. Rbd5 Rb1 42. Rf2 a4 43. h4 {[%cal Bh3h4,Bh4h5][%mdl 32]} Be7 (43... a3 $142) 44. h5 Bf6 45. Rf4 Rxb2 46. Rxa4 Rb7 47. Kh3 Kg8 48. Ra8+ Kf7 49. Rda5 Rb3+ 50. Kg4 Rb2 51. g3 Re2 52. R8a7+ Ke6 (52... Kg8 $142 53. Rb7 Re8) 53. R5a6+ Ke5 54. Ra2 Re1 55. Kf3 Rh1 56. Re2+ Kd6 57. Kg4 Rb1 58. Ra5 Rb3 59. Re4 Rc3 60. Ra6+ Kd7 61. Ra7+ Kd6 62. Ra5 Rb3 63. Ra2 (63. Kf4 $142) 63... Rd3 (63... Be5 $142 64. Rd2+ Ke6) 64. Ree2 Rb3 65. Rad2+ Kc7 66. Rd5 Kc6 67. Red2 Re3 68. R2d3 Re1 69. Kf5 Rg1 70. Rd6+ Kc5 $2 (70... Kc7 {is a better defense.} 71. Rd7+ Kc6) 71. Rxf6 {Precision: White = 78%, Black = 41%.} 1-0

[Event "9th A. Margaryan Memorial 2019"]
[Site "Yerevan"]
[Date "2019.01.13"]
[Round "6"]
[White "Gholami, Aryan"]
[Black "Petriashvili, Nikoloz"]
[Result "1/2-1/2"]
[WhiteElo "2488"]
[BlackElo "2479"]
[Annotator "TA"]
[PlyCount "122"]
[EventDate "2019.01.08"]
[EventType "tourn"]
[EventCountry "ARM"]
[SourceTitle "playchess.com"]
[Source "ChessBase"]
[SourceQuality "1"]

{[%evp 17,122,10,40,-29,14,12,13,13,14,14,14,20,16,22,12,13,16,13,14,13,23,23,23,23,54,53,43,43,63,23,21,9,10,10,10,0,9,12,78,78,90,90,90,90,97,70,75,75,78,0,96,0,96,96,96,96,96,96,96,96,108,108,109,96,108,108,109,109,109,109,109,97,109,109,109,97,97,97,97,97,97,27,28,28,97,17,97,97,97,97,97,0,97,97,97,0,0,0,0,0,0,0,0,0,0,0,8]} 1. d4 d5 2. c4 c6 3. Nf3 Nf6 4. g3 g6 5. Qb3 Bg7 6. Bg2 O-O 7. Nc3 Qb6 8. O-O Bf5 9. Ne5 Be6 {LiveBook: 15 Games} 10. cxd5 {D78: Fianchetto Grünfeld: 6 0-0 c6} (10. Qd1 $1 $14) (10. Qd1 dxc4 11. Na4 Qd8 12. Nc5 Qc8 13. Qc2 Bh3 14. Qxc4 Bxg2 15. Kxg2 Nbd7 16. Ncd3 Nxe5 17. dxe5 Nd5 {1-0 (36) Nakamura,H (2787)-Kramnik,V (2800) Moscow 2018}) 10... Nxd5 $146 ({Predecessor:} 10... Qxb3 11. axb3 Nxd5 12. Ne4 Nd7 13. f4 Nc7 14. Be3 Rfd8 15. Rfe1 Bd5 {0-1 (15) Bocharov,D (2582)-Belov,V (2561) Zvenigorod 2008}) 11. Nxd5 cxd5 12. Bxd5 Bxd5 13. Qxd5 Nc6 14. Nxc6 bxc6 15. Qe4 Qxd4 16. Qxd4 Bxd4 17. Rb1 a5 18. Bh6 Rfb8 19. b3 a4 20. bxa4 f6 21. Rxb8+ Rxb8 $14 {[%mdl 4096] Endgame KRB-KRB} 22. Rc1 Rb4 23. Rxc6 Rxa4 24. h4 Rxa2 25. e3 Be5 26. Rc8+ Kf7 27. Rh8 f5 (27... g5 $11) 28. Rxh7+ $16 Ke6 29. Kg2 Ra4 30. Bg5 Bf6 31. Bf4 Ra8 32. Kf3 Ra4 33. Kg2 (33. Bh6 $16) 33... Rc4 {[#]} (33... Ra8 $1 $11) 34. Bg5 (34. Bh6 $1 $16) 34... Rc2 (34... Ra4 $1 $11 {keeps the balance.}) 35. Rh6 Bxg5 36. hxg5 {KR-KR} Kf7 37. Rh7+ Kf8 38. Rh4 Kg7 39. Ra4 Kf7 40. Rf4 Kg7 41. g4 fxg4 42. Kg3 Rc1 43. Rxg4 Rc5 44. Kh4 Rf5 45. Rf4 Ra5 46. Kg4 Ra2 47. Re4 Rxf2 48. Rxe7+ Kf8 49. Re5 (49. Re6 $16 Kf7 50. Ra6) 49... Rf1 $1 $11 50. Rb5 {Rb8+ is the strong threat.} Kf7 {[#]} (50... Rg1+ $11 51. Kf4 Rf1+ 52. Ke4 Ke7 53. Rb7+ Kf8) 51. Rb7+ (51. e4 $1 $16) 51... Kg8 (51... Ke6 $1 $11 {remains equal.}) 52. e4 $16 Kf8 53. Rb6 {White threatens Rf6+ and mate.} Kf7 54. Rb7+ Kf8 $1 55. Rb3 {Hoping for Rf3+.} Ke7 56. Rf3 ({White should play} 56. Kg3 $16) 56... Rg1+ $11 {The position is equal.} 57. Rg3 Re1 $1 58. Kf4 Ke6 59. Ra3 {And now Ra6+ would win.} Rf1+ 60. Ke3 Re1+ 61. Kf3 {Black should prevent Ra6+.} Rf1+ {Precision: White = 66%, Black = 41%.} 1/2-1/2

[Event "9th A. Margaryan Memorial 2019"]
[Site "Yerevan"]
[Date "2019.01.13"]
[Round "6"]
[White "Mikaelyan, Arman"]
[Black "Sychev, Klementy"]
[Result "0-1"]
[WhiteElo "2474"]
[BlackElo "2537"]
[Annotator "TA"]
[PlyCount "80"]
[EventDate "2019.01.08"]
[EventType "tourn"]
[EventCountry "ARM"]
[SourceTitle "playchess.com"]
[Source "ChessBase"]
[SourceQuality "1"]

{[%evp 19,80,1,12,0,14,10,49,19,38,0,0,0,0,0,0,-26,0,0,0,0,0,0,0,-22,0,0,8,-19,-16,-30,-26,-22,16,24,13,2,65,46,50,49,162,100,86,0,117,83,145,166,323,92,66,68,80,77,64,0,0,-238,0,-497,-516,-1359,-1298]} 1. d4 Nf6 2. c4 g6 3. Nf3 Bg7 4. e3 O-O 5. Be2 d6 6. Nc3 Nbd7 7. O-O e5 8. Qc2 Re8 9. dxe5 dxe5 10. Rd1 {E61: King's Indian: Early deviations for White, including Smyslov System} c6 {LiveBook: 7 Games} 11. Rb1 (11. Ng5 Qe7 12. Nge4 Nxe4 13. Nxe4 Nc5 14. Nxc5 Qxc5 15. e4 Be6 16. Be3 Qe7 17. c5 {½-½ (42) Dreev,A (2667)-Cheparinov,I (2682) Dubai 2014}) 11... Qe7 12. b4 {The position is equal.} b6 $146 ({Predecessor:} 12... Nf8 13. c5 a5 14. a3 axb4 15. axb4 Bf5 16. e4 Bg4 17. Bb2 Bxf3 18. Bxf3 {0-1 (36) Isgandarova,K (2219)-Kashlinskaya,A (2334) Belgrade 2013}) 13. Nd2 Nf8 14. Nde4 Nxe4 15. Nxe4 ({But not} 15. Qxe4 $2 Bf5 $19) 15... Bf5 16. Bd3 Red8 17. Bb2 Qxb4 {[#]} 18. Bxe5 $1 {[%mdl 512]} Qe7 (18... Bxe5 19. Rxb4) 19. Bd6 Qe8 20. c5 bxc5 21. f3 Bxe4 22. Bxe4 f5 23. Qc4+ Kh8 24. Bc2 $1 Qxe3+ 25. Kh1 Bd4 26. Bb3 $40 {[%csl Gb3][%cal Rc4g8][%mdl 128] White has some attack.} Nd7 $1 {[%cal Rd7b6]} 27. Re1 Qh6 ({Better is} 27... Nb6 $11 28. Qf7 Qh6) 28. Re7 {[%mdl 1024] Hoping for Qe6. White has compensation.} Nf6 $1 29. Qe6 {Threatens to win with Bxc5!} Nh5 ({Black should play} 29... Re8 $14) 30. Be5+ $18 {[%mdl 64] Discovered Attack} Ng7 31. Re1 (31. f4 $16) 31... Rf8 (31... Qh4 $1 $11 {keeps the balance.} 32. Rc1 Bxe5 33. Qxe5 {[%mdl 64] Double Attack} Qd4) 32. f4 {Rd1 is the strong threat.} Bxe5 (32... Rad8 $142) 33. Qxe5 $16 Rae8 $2 {[#]} (33... Rad8 {is a better defense.} 34. g3 (34. Qxc5 Qxf4 35. Qxc6 Qd4 $11) (34. Rxa7 Rfe8 $17) 34... g5) 34. Qc3 $2 (34. Rd1 $1 $18 {and the rest is easy.}) 34... Rxe7 35. Rxe7 {Black must now prevent Qe5.} g5 $1 36. Rxa7 gxf4 37. h3 (37. Re7 $14) 37... Qg5 38. a4 $2 (38. Rc7 $11) 38... Re8 $2 ({Black should try} 38... Qg3 $19 39. Qxg3 fxg3) 39. Kh2 $2 {[%mdl 8192]} (39. Bf7 $1 $11 Rd8 40. Bh5) 39... h5 $19 {aiming for ...Re3.} 40. Bf7 (40. Bc4 $142 Re3 41. Qb2 Qg3+ 42. Kg1 Re1+ 43. Bf1) 40... Re3 {Accuracy: White = 36%, Black = 38%.} 0-1

[Event "9th A. Margaryan Memorial 2019"]
[Site "Yerevan"]
[Date "2019.01.13"]
[Round "6"]
[White "Davtyan, Artur"]
[Black "Sargsyan, Tigran R."]
[Result "1-0"]
[WhiteElo "2396"]
[BlackElo "2332"]
[Annotator "NA"]
[PlyCount "63"]
[EventDate "2019.01.08"]
[EventType "tourn"]
[EventCountry "ARM"]
[SourceTitle "playchess.com"]
[Source "ChessBase"]
[SourceQuality "1"]
[TimeControl "40/5400+30:1800+30"]

1. d4 {[%emt 0:04:16]} d5 {[%emt 0:00:00]} 2. c4 {[%emt 0:00:04]} c6 {[%emt 0:00:00]} 3. Nf3 {[%emt 0:00:03]} Nf6 {[%emt 0:00:00]} 4. e3 {[%emt 0:00:03]} Bg4 {[%emt 0:01:02]} 5. h3 {[%emt 0:00:06]} Bh5 {[%emt 0:00:07]} 6. g4 {[%emt 0:00:04]} Bg6 {[%emt 0:00:06]} 7. Nc3 {[%emt 0:00:02]} e6 {[%emt 0:01:14]} 8. Ne5 {[%emt 0:00:03]} Nbd7 {[%emt 0:00:12]} 9. h4 {[%emt 0:00:01]} dxc4 {[%emt 0:01:24]} 10. Nxg6 {[%emt 0:00:20]} hxg6 {[%emt 0:00:06]} 11. g5 {[%emt 0:00:02]} Nd5 {[%emt 0:00:32]} 12. Bxc4 {[%emt 0:00:05]} Bb4 {[%emt 0:00:47]} 13. Bd2 {[%emt 0:00:05]} Qe7 {[%emt 0:04:43]} 14. a3 {[%emt 0:06:25]} Bxc3 {[%emt 0:06:06]} 15. bxc3 {[%emt 0:00:36]} e5 {[%emt 0:02:06]} 16. Qf3 {[%emt 0:16:39]} e4 {[%emt 0:16:30]} 17. Qg4 {[%emt 0:10:44]} N5b6 {[%emt 0:08:23]} 18. Be2 {[%emt 0:07:52]} Nc8 {[%emt 0:08:13]} 19. c4 {[%emt 0:13:37]} c5 {[%emt 0:03:46]} 20. dxc5 {[%emt 0:00:02]} Nxc5 {[%emt 0:04:12]} 21. Bb4 {[%emt 0:01:43]} b6 {[%emt 0:05:20]} 22. Rd1 {[%emt 0:09:43]} Nd6 {[%emt 0:04:10]} 23. Bxc5 {[%emt 0:02:11]} bxc5 {[%emt 0:00:47]} 24. Rxd6 {[%emt 0:00:12]} Qxd6 {[%emt 0:02:55]} 25. Qxe4+ {[%emt 0:00:03]} Kd7 {[%emt 0:00:30]} 26. Qb7+ {[%emt 0:01:12]} Qc7 {[%emt 0:07:38]} 27. Bg4+ {[%emt 0:00:05]} Kd6 {[%emt 0:00:05]} 28. Qd5+ {[%emt 0:00:03]} Ke7 {[%emt 0:00:04]} 29. Qe4+ {[%emt 0:00:02]} Kd6 {[%emt 0:00:16]} 30. O-O {[%emt 0:00:28]} Qc6 {[%emt 0:00:51]} 31. Rd1+ {[%emt 0:00:07]} Kc7 {[%emt 0:00:05]} 32. Qe7+ {[%emt 0:00:13]} 1-0

[Event "9th A. Margaryan Memorial 2019"]
[Site "Yerevan"]
[Date "2019.01.13"]
[Round "6"]
[White "Barseghyan, Armen Ar."]
[Black "Babujian, Levon"]
[Result "0-1"]
[WhiteElo "2380"]
[BlackElo "2488"]
[Annotator "TA"]
[PlyCount "60"]
[EventDate "2019.01.08"]
[EventType "tourn"]
[EventCountry "ARM"]
[SourceTitle "playchess.com"]
[Source "ChessBase"]
[SourceQuality "1"]

{[%evp 19,60,0,-3,-38,-41,-31,0,-18,-36,-27,-16,-29,0,-29,-26,-25,31,-57,-49,-62,-55,-250,-236,-230,-237,-376,-364,-507,-482,-614,-635,-612,-267,-284,-272,-350,-333,-301,-265,-634,-634,-5173,-5045]} 1. e4 c5 2. Nc3 d6 3. f4 Nc6 4. Nf3 g6 5. Bc4 Bg7 6. O-O e6 7. d4 {B23: Closed Sicilian: Lines without g3} cxd4 8. Nb5 Nge7 9. Bb3 O-O 10. Nbxd4 Na5 {LiveBook: 5 Games} (10... Nxd4 11. Nxd4 a6 12. c3 b5 13. Be3 Qc7 14. Qd2 e5 15. fxe5 dxe5 {½-½ (50) Grischuk,A (2767)-Nepomniachtchi,I (2751) Moscow 2018}) 11. c3 $146 ({Predecessor:} 11. Be3 a6 12. c4 b6 13. Qd2 Qc7 14. Rac1 Nxb3 15. axb3 {½-½ (30) Narayanan,S (2525)-Amonatov,F (2608) Kolkata 2018}) 11... Nxb3 12. axb3 Bd7 13. Kh1 e5 14. Nc2 Bc6 15. Qe2 a5 16. Na3 f5 $36 {[%mdl 2048] Black has good play.} 17. Ng5 Qb6 (17... Qd7 $11) 18. Nc4 (18. Ne6 $14) 18... Qxb3 $15 19. Nxd6 fxe4 $1 20. Rd1 $2 (20. Ra3 $1 $15 Qb6 21. Rd1) 20... exf4 $19 {White must now prevent ...f3.} 21. Ndxe4 Nd5 22. Nc5 (22. Nd6 {was called for.} Ne3 23. Bxe3 fxe3 24. Qxe3) 22... Rae8 23. Qf1 Qc2 24. Nce6 {[#]} Rxe6 $1 {[%mdl 512]} 25. Nxe6 {[#]} Ne3 (25... f3 $142 $1 {[%mdl 512]} 26. gxf3 {[#]} Ne3 $1 {[%mdl 576] Decoy} 27. Bxe3 Rxf3 {[%mdl 64] Double Attack} 28. Rd8+ Bf8) 26. Bxe3 fxe3 {[%cal Bf4e3,Be3e2][%mdl 32]} 27. Rd8 Rxd8 28. Nxd8 {Qc4+ would kill now.} e2 29. Qg1 $2 (29. Qf7+ Kh8 30. Re1 (30. Nxc6 $2 {is a self mate.} Qd1+ 31. Rxd1 {[%mdl 64] Remove Defender, Back Rank} exd1=Q+ 32. Qf1 Qxf1#)) 29... Qxb2 {( -> ...Bxg2+!)} 30. Rb1 {[#]} Bxg2+ $1 {[%mdl 576] Promotion. Accuracy: White = 19%, Black = 57%.} 0-1

[Event "9th A. Margaryan Memorial 2019"]
[Site "Yerevan"]
[Date "2019.01.14"]
[Round "7"]
[White "Sychev, Klementy"]
[Black "Gholami, Aryan"]
[Result "1-0"]
[WhiteElo "2537"]
[BlackElo "2488"]
[Annotator "TA"]
[PlyCount "133"]
[EventDate "2019.01.08"]
[EventType "tourn"]
[EventCountry "ARM"]
[SourceTitle "playchess.com"]
[Source "ChessBase"]
[SourceQuality "1"]

{[%evp 23,133,15,16,0,3,5,1,-9,0,-6,0,0,0,0,0,0,9,1,193,195,182,181,694,692,688,639,641,112,123,127,35,97,322,275,272,262,261,261,260,266,264,264,268,267,254,178,331,331,368,368,539,539,579,576,670,670,580,576,572,539,796,539,539,531,524,483,911,908,29938,29941,29939,29943,29938,29940,29942,29943,29943,29942,12850,6203,29948,29946,29948,29950,29947,29951,29954,29956,29957,29956,29956,29952,29956,29958,29951,29957,29964,29965,29952,9436,12561,1719,29977,29978,29978,29979,29979,29980,29980,29981,29989,29990]} 1. e4 c6 {[%cal Bc7c6,Bc6c5][%mdl 32]} 2. d4 d5 3. e5 Bf5 4. Nf3 e6 5. Be2 c5 6. Be3 Qb6 7. Nc3 Nc6 8. O-O {B12: Caro-Kann: Advance Variation} Qxb2 9. Qe1 cxd4 10. Bxd4 Nxd4 11. Nxd4 Bb4 12. Ndb5 Ba5 {LiveBook: 25 Games} 13. Rb1 Qxc2 14. Rc1 Qb2 15. g4 Bg6 {[#]} 16. f4 $146 {[%cal Rf4f5][%mdl 2048] White is fighting back} Ne7 17. Nd6+ Kf8 {Strongly threatening ...Be4!} 18. f5 exf5 19. gxf5 {[#]} Nxf5 $1 {[%mdl 512]} 20. Nxf5 {Nd6 is the strong threat.} Bxf5 $2 (20... Rc8 $1 $11 {and Black stays safe.} 21. Nxd5 Qxc1 22. Qxa5 Qc5+ 23. Qxc5+ Rxc5) 21. Rxf5 $18 Rc8 {[%cal Rc8c3]} 22. Qf1 Qb6+ $2 ({Wrong is} 22... Bxc3 $2 23. Rb1 $18) (22... Rc7) 23. Kh1 Qe6 24. Bh5 Rc7 {Black wants to play ...g6.} 25. Bxf7 $2 (25. Qf4 $18 {is the precise move to win.}) 25... Rxf7 $16 26. Rxf7+ Qxf7 27. Qd3 Bxc3 $2 (27... Qg6 $16 {was called for.} 28. Rf1+ Ke8 29. Qb5+ {[%mdl 64] Double Attack} (29. Qxd5 Qc6 $17) 29... Qc6 30. Qxa5 d4+ 31. Nd5 d3) 28. Rf1 Bxe5 {Hoping for ...Bf6.} 29. Rxf7+ Kxf7 $18 {[%mdl 4096] Endgame KQ-KRB} 30. Qf5+ Bf6 31. Qxd5+ Kg6 32. Qxb7 a5 33. Qe4+ Kh6 34. Qe3+ g5 $2 (34... Bg5 35. Qe6+ Kh5) 35. Qb6 Kg6 36. Qxa5 g4 (36... Rd8 $142 37. Qe1 Kf5) 37. Qb4 h5 38. a4 {[%cal Ba2a4,Ba4a5,Ba5a6][%mdl 32]} Rd8 39. Qb1+ Kg5 40. a5 Bd4 41. Qc1+ Kh4 42. a6 Rf8 43. Qc4 Bb6 {[#]} 44. Qb5 $1 {[%cal Rb5b6]} Bd4 (44... Ba7 $142 45. Qe2 Rf7) 45. Qd3 Rf4 46. Qg3+ Kg5 47. h4+ Kf5 48. Qd3+ Ke5 49. Qb5+ Ke4 50. Qe2+ Kf5 51. Kg2 Re4 52. Qb5+ Re5 53. Qd7+ Ke4 54. a7 Bxa7 55. Qxa7 {KQ-KR} Rf5 56. Qe7+ Kd5 57. Qe3 Re5 58. Qd3+ Ke6 59. Qg6+ Kd5 60. Kg3 Kc5 61. Kf4 Rd5 62. Qe6 Rd1 63. Qe7+ {White mates.} Kc6 64. Qe8+ Kc7 65. Qxh5 Rd4+ 66. Ke3 Rb4 67. Qc5+ {[%mdl 64] Double Attack. Accuracy: White = 72%, Black = 38%.} 1-0